000 00429 a2200121 4500
001 ART_36757
005 20260410161627.0
008 260409a
245 1 0 _aLa responsabilidad en las sociedades de la sección IV, Ley 19.550, y la extensión de la quiebra del artículo 160, Ley 24.522
100 1 _aJunyent Bas, Francisco
700 1 _aPalazzo, Carlota
773 0 _tEnfoques
_g- Nº 3 (mar. 2016)
_wREV416
999 _c12144
_d12144